載入...

Lokarashta sanghatanakal/

書目詳細資料
主要作者: Radhakrishnan R
格式: Printed Book
出版: Thiruvananthapuram: Malu Ben Publications, 2012.
主題:
LEADER 00543nam a22001457a 4500
020 |a 9788187480914 
082 |a M 060  |b RAD/L 
100 |a Radhakrishnan R  |9 51763 
245 |a Lokarashta sanghatanakal/  |c by Radhakrishnan R 
260 |a Thiruvananthapuram:   |b Malu Ben Publications,   |c 2012. 
300 |a 124p. 
650 |a General Organizations  |9 51764 
942 |c BK 
999 |c 72455  |d 72455 
952 |0 0  |1 0  |4 0  |6 M_060_000000000000000_RAD_L  |7 0  |9 93210  |a SSUS  |b SSUS  |c STACKS  |d 2018-06-18  |g 150.00  |o M 060 RAD/L  |p 090143  |r 2018-06-18  |w 2018-06-18  |y BK